Loading...
| History - Other | 0 | 4 | 0 | 0 | 40 | 85 | 107.50 | 0 | 2 | 0.00 | 0.00 |
| Science - Other | 0 | 4 | 1 | 0 | 35 | 52 | 67.00 | 1 | 4 | 0.00 | 0.00 |
| Science - Physics | 0 | 3 | 0 | 0 | 30 | 62 | 76.00 | 1 | 3 | 0.00 | 0.00 |
| History - European | 0 | 3 | 1 | 1 | 25 | 106 | 115.00 | 0 | 0 | 0.00 | 0.00 |
| Science - Biology | 0 | 3 | 1 | 1 | 25 | 122 | 122.00 | 0 | 0 | 0.00 | 0.00 |
| History - World | 0 | 2 | 0 | 0 | 20 | 86 | 97.50 | 0 | 0 | 0.00 | 0.00 |
| Science - Chemistry | 0 | 2 | 0 | 0 | 20 | 105 | 111.50 | 0 | 1 | 0.00 | 0.00 |
| Literature - World | 0 | 2 | 0 | 0 | 20 | 63 | 97.50 | 1 | 1 | 0.00 | 0.00 |
| Fine Arts - Other | 0 | 2 | 0 | 1 | 20 | 120 | 129.50 | 0 | 0 | 0.00 | 0.00 |
| Mythology | 0 | 1 | 0 | 0 | 10 | 98 | 98.00 | 0 | 1 | 0.00 | 0.00 |
| History - American | 0 | 1 | 0 | 0 | 10 | 124 | 124.00 | 0 | 0 | 0.00 | 0.00 |
| Literature - European | 0 | 1 | 0 | 0 | 10 | 142 | 142.00 | 0 | 0 | 0.00 | 0.00 |
| Other Academic | 0 | 1 | 0 | 0 | 10 | 110 | 110.00 | 0 | 0 | 0.00 | 0.00 |
| Philosophy | 0 | 1 | 0 | 0 | 10 | 55 | 55.00 | 1 | 1 | 0.00 | 0.00 |
| Geography | 0 | 0 | 1 | 0 | -5 | 0.00 | 0 | 0 | 0.00 | 0.00 | |
| Social Science | 0 | 0 | 1 | 0 | -5 | 0.00 | 0 | 0 | 0.00 | 0.00 |